Statistics for The Dirt (Mötley Crüe Movie) Quiz

Click here to take the quiz!

General Stats

  • This quiz has been taken 424 times
  • The average score is 20 of 30

Answer Stats

QuestionAnswer% Correct
What does Tommy carry with him everywhere he goes?Drumsticks
86%
Who came up with the name "Motley Crue" ?Mick
82%
Which member made the changes to the name to give it the dotted accents?Nikki
81%
Nikki was supposed to be Tommy's best man. Who went up there instead?Mick
78%
Who is the first person to slip up on their sobriety?Tommy
78%
Almost immediately after, who is next?Vince
77%
Who does Nikki apologize to first out of all the bandmates?Tommy
76%
What had Nikki fallen in love with so he couldn't be there to support Vince?Heroin
75%
What song are the band members taking a break from when Mick shows up?Live Wire
75%
Nikki and the answer above go to pick someone up. Who?Mick
75%
Type of band is Vince in when the band goes to find him?Cover
74%
Who came to the poolside with the Crue and "fancied a bump"?Ozzy Osbourne
73%
The band was going to be named this, but Mick gave it a 1.9 out of 10. What was it?X-Mas
73%
What happened at Redondo Beach with Vince?Car Crash
70%
How did Vince (in the movie) find out about Nikki's overdose?TV
67%
Where is Vince when he finds out he has been replaced?Bar
66%
Who was involved with the incident above?Razzle
66%
At the beginning of the movie, what does Nikki have on his arm make himself look punk?Fire
64%
What album did the band start recording once they got out of rehab?Dr. Feelgood
62%
Who did Tommy Lee meet at Redondo Beach?Heather Locklear
59%
What song begins to play before the credits start to roll?Home Sweet Home
57%
Nikki tells Vince to do something to his girlfriend when she shows to rehearsal with him and
says that the music is "too heavy". What is it?
Muzzle
56%
What song did the band play just before Vince gets caught cheating?Take Me To The Top
54%
What is Nikki Sixx's original name? (after his father)Frank Ferrana
53%
As Nikki is bragging out their record deal, who is on their couch partying with them?Diamond Dave
51%
How does the band contact Vince after trying time and time again?Fax
51%
What's the song is Vince singing with his band when the band shows up?My Kinda Lover
49%
The band got their first stage show soon after their first gig in the movie. What song was the first to be performed?Shout at the Devil
48%
What word does Tommy's dad use that makes Tommy laugh out of cringe?Rad
45%
The band Tommy Lee was in before he was in Motley Crue was what?Sweet 19
41%

Score Distribution

Percentile by Number Answered

Percent of People with Each Score

Your Score History

You have not taken this quiz